| 000 | 00421nam a2200145 4500 | ||
|---|---|---|---|
| 082 | _aP-228. | ||
| 100 |
_aZahid. _948015 |
||
| 245 |
_aConnection of assualt bridges am-50 and hmb by providing an intermediate member. _cUmais, Asif, Waqas, Shujah. |
||
| 260 |
_aRisalpur: _bMCE. _c13-05-2002 |
||
| 300 | _a134 p.: | ||
| 526 |
_a0 _b0 _c0 _dP_228 |
||
| 650 | _aProject. | ||
| 700 |
_aFaisal Muarik _948016 |
||
| 942 |
_2ddc _cBK |
||
| 999 |
_c551068 _d551068 |
||